000 02654cam a2200301 4500500
005 20251228063842.0
041 _afre
042 _adc
100 1 0 _aBalambo, Mohammed Amine
_eauthor
700 1 0 _aElbaz, Jamal
_eauthor
245 0 0 _aLes réseaux sociaux dans le canal de distribution traditionnel au Maroc : l’exemple des Souassa
260 _c2016.
500 _a67
520 _aPlusieurs recherches constatent le contrôle des Amazighs du commerce de détail au Maghreb. Au Maroc, les Souassa1 sont réputés maîtriser et contrôler le canal de distribution traditionnel. Cet article a pour objectif de comprendre la nature et les bases de développement de la confiance dans les réseaux sociaux liés à ce canal de distribution traditionnel. Il vise ainsi à démontrer que la nature de la confiance développée obéît aux caractéristiques culturelles du réseau dans lequel les acteurs sont encastrés. Pour étudier le contexte du canal de distribution traditionnel au Maroc, cet article se fondera sur la théorie de l’échange social, celle de l’encastrement dans les réseaux sociaux, et la théorie de la culture. En adoptant une approche exploratoire, nous nous baserons sur des entretiens semi-directifs avec guide d’entretien, qui feront l’objet d’une analyse thématique de contenu. Classification JEL : L22
520 _aSeveral studies find that the dominance of retail Amazigh in North Africa. In Morocco, Souassa are known master and control the traditional distribution channel. This paper aims to understand the nature and basis of development of trust in social networks linked to the traditional distribution channel in Morocco. It aims to demonstrate that the nature of trust developed obey the cultural characteristics of the network in which actors are embedded. To study the context of the traditional distribution channel in Morocco, this paper will be based on the theory of social exchange, that of the embedding in social networks, and cultural theory. By adopting an exploratory approach, we will use the semi-structured interviews with an interview guide, which will be a thematic content analysis.
690 _acanal de distribution
690 _aconfiance
690 _adétaillants
690 _agrossistes
690 _aréseau social
690 _achannel distribution
690 _aretail
690 _asocial network
690 _atrust
690 _awholesale
786 0 _nMarché et organisations | 26 | 2 | 2016-05-15 | p. 241-258 | 1953-6119
856 4 1 _uhttps://shs.cairn.info/revue-marche-et-organisations-2016-2-page-241?lang=fr&redirect-ssocas=7080
999 _c1588871
_d1588871